[Event "Titled Tue 3rd Jan Late"]
[Site "chess.com INT"]
[Date "2025.06.03"]
[Round "7"]
[White "Vasquez Schroeder, Rodrigo"]
[Black "Xiong, Jeffery"]
[Result "0-1"]
[WhiteTitle "GM"]
[BlackTitle "GM"]
[WhiteElo "2446"]
[BlackElo "2636"]
[WhiteFideId "3400042"]
[BlackFideId "2047640"]
[EventDate "2025.06.03"]

1. Nf3 d5 2. d4 Nf6 3. c4 e6 4. Nc3 dxc4 5. e3 a6 6. Bxc4 b5 7. Bd3 Bb7 8. O-O
Nbd7 9. Qe2 c5 10. Rd1 Qb8 11. h3 Be7 12. b3 O-O 13. Bb2 cxd4 14. Nxd4 Nc5 15.
Bc2 Qa7 16. Rac1 Rac8 17. b4 Ncd7 18. a3 Qa8 19. Qf1 Ne5 20. Bb3 Nc4 21. Bxc4
Rxc4 22. Nb3 Rfc8 23. Na5 R4c7 24. Nxb7 Qxb7 25. Qd3 h6 26. Rc2 Rc4 27. Rcc1 Ne8
28. Ne4 Rd8 29. Nc5 Rxc5 0-1

[Event "Titled Tue 3rd Jan Late"]
[Site "chess.com INT"]
[Date "2025.06.03"]
[Round "7"]
[White "Sjugirov, Sanan"]
[Black "Yilmaz, Baver"]
[Result "1-0"]
[WhiteTitle "GM"]
[BlackTitle "FM"]
[WhiteElo "2638"]
[BlackElo "2233"]
[WhiteFideId "4189302"]
[BlackFideId "26363542"]
[EventDate "2025.06.03"]

1. e4 e5 2. Nf3 Nc6 3. Bb5 f5 4. d3 fxe4 5. dxe4 Nf6 6. O-O Bc5 7. Qd3 O-O 8.
Qc4+ Kh8 9. Qxc5 Nxe4 10. Qe3 d5 11. Nbd2 Nb4 12. Qb3 Qe7 13. a3 Nc6 14. Bxc6
bxc6 15. Nxe4 dxe4 16. Ng5 Bf5 17. Re1 Qf6 18. Qg3 Rad8 19. Nxe4 Bxe4 20. Bg5
Qf5 21. Bxd8 Rxd8 22. Qh4 Rd4 23. Qg3 h6 24. c3 Rc4 25. f3 Bd5 26. Rxe5 Qf8 27.
Rae1 Qc5+ 1-0

[Event "Titled Tue 3rd Jan Late"]
[Site "chess.com INT"]
[Date "2025.06.03"]
[Round "7"]
[White "Goryachkina, Aleksandra"]
[Black "Woodward, Andy"]
[Result "0-1"]
[WhiteTitle "GM"]
[BlackTitle "GM"]
[WhiteElo "2544"]
[BlackElo "2547"]
[WhiteFideId "4147103"]
[BlackFideId "30953499"]
[EventDate "2025.06.03"]

1. e4 c5 2. Nf3 d6 3. Bb5+ Nd7 4. O-O a6 5. Bd3 Ngf6 6. Re1 g6 7. c3 Bg7 8. Bc2
e5 9. d4 O-O 10. h3 b5 11. Nbd2 cxd4 12. cxd4 exd4 13. Nxd4 Bb7 14. Nf1 Re8 15.
Ng3 Rc8 16. Bf4 Qb6 17. Rc1 Rc4 18. Be3 Qd8 19. b3 Rc8 20. f3 d5 21. Bf2 dxe4
22. Nxe4 Nxe4 23. Bxe4 Rxc1 24. Qxc1 Bxe4 25. Rxe4 Rxe4 26. fxe4 Ne5 27. Nf3 h5
28. Nxe5 Bxe5 29. h4 Kg7 30. g3 Qd3 31. Qe1 Kg8 32. Kg2 Qc2 33. Qe3 Qxa2 34. Qc5
Qb2 35. b4 Kg7 36. Kg1 Bc3 37. Qb6 Qb1+ 38. Kh2 Qxe4 39. Qxa6 Qxb4 40. Qa7 Be5
41. Qe3 Qxh4+ 42. Kg2 Qf6 43. Be1 Qc6+ 44. Kh2 Qd5 0-1

[Event "Titled Tue 3rd Jan Late"]
[Site "chess.com INT"]
[Date "2025.06.03"]
[Round "7"]
[White "Guo, Felix"]
[Black "Buchenau, Frank"]
[Result "0-1"]
[BlackTitle "FM"]
[WhiteElo "2078"]
[BlackElo "2190"]
[WhiteFideId "30997550"]
[BlackFideId "4604350"]
[EventDate "2025.06.03"]

1. e4 e6 2. d4 d5 3. exd5 exd5 4. Nf3 Bf5 5. c4 Bxb1 6. Rxb1 Bb4+ 7. Bd2 Bxd2+
8. Qxd2 Nf6 9. Be2 O-O 10. O-O dxc4 11. Bxc4 Nc6 12. Rfe1 Qd6 13. Rbd1 Rad8 14.
Qc3 Rfe8 15. h3 Rxe1+ 16. Rxe1 Nxd4 17. Ne5 Rf8 18. f4 b5 19. Rd1 c5 20. Bxb5
Nd5 21. Qf3 Nxf3+ 0-1

[Event "Titled Tue 3rd Jan Late"]
[Site "chess.com INT"]
[Date "2025.06.03"]
[Round "7"]
[White "Thomforde-Toates, Noah"]
[Black "Materia, Marco"]
[Result "0-1"]
[BlackTitle "IM"]
[WhiteElo "2128"]
[BlackElo "2489"]
[WhiteFideId "30951992"]
[BlackFideId "45150451"]
[EventDate "2025.06.03"]

1. d4 Nf6 2. Nc3 d5 3. Bf4 a6 4. e3 Bf5 5. Bd3 Bxd3 6. Qxd3 e6 7. Nf3 c5 8. dxc5
Bxc5 9. O-O-O Nc6 10. e4 dxe4 11. Nxe4 Nxe4 12. Qxe4 Qb6 13. Ng5 h6 14. Nxe6
fxe6 15. Qg6+ Kf8 16. Bd6+ Bxd6 17. Rxd6 Qxf2 18. Rdd1 Kg8 19. Rhf1 Qe3+ 20. Kb1
Qg5 21. Qxe6+ Kh7 22. Rd7 Rhf8 23. Rfd1 Rae8 24. Qb3 b5 25. R7d6 Ne5 26. Rxa6
Nc4 27. a4 Nd2+ 28. Rxd2 Qxd2 29. axb5 Rf1+ 30. Ka2 Qd1 31. Qc4 Re3 32. c3 Qb1+
33. Kb3 Rf2 34. Ra2 Re4 35. Qd5 Qc2+ 36. Ka3 Ra4# 0-1

[Event "Titled Tue 3rd Jan Late"]
[Site "chess.com INT"]
[Date "2025.06.03"]
[Round "7"]
[White "Vila Dupla, Aurelio"]
[Black "Clawitter, Craig"]
[Result "1-0"]
[WhiteTitle "FM"]
[WhiteElo "2056"]
[BlackElo "2050"]
[WhiteFideId "2203383"]
[BlackFideId "2023105"]
[EventDate "2025.06.03"]

1. Nf3 Nf6 2. d4 e6 3. g3 d5 4. Bg2 Be7 5. O-O O-O 6. b3 c5 7. e3 cxd4 8. exd4
Nc6 9. Bb2 b6 10. Re1 Bb7 11. Nbd2 Rc8 12. c3 Rc7 13. Qe2 Qc8 14. h4 h5 15. Ng5
Ng4 16. Bh3 Qd8 17. Bxg4 Bxg5 18. hxg5 hxg4 19. Qxg4 Ne7 20. Kg2 b5 21. Rh1 Ng6
22. Qh5 Re8 23. Qh7+ Kf8 24. Ba3+ b4 25. Bxb4+ Rce7 26. Qh8+ Nxh8 27. Rxh8# 1-0

[Event "Titled Tue 3rd Jan Late"]
[Site "chess.com INT"]
[Date "2025.06.03"]
[Round "7"]
[White "Dambaev, Dashi"]
[Black "Vaganian, Rafael A"]
[Result "1/2-1/2"]
[WhiteTitle "CM"]
[BlackTitle "GM"]
[WhiteElo "2211"]
[BlackElo "2449"]
[WhiteFideId "55628494"]
[BlackFideId "13300016"]
[EventDate "2025.06.03"]

1. d4 Nf6 2. c4 c5 3. d5 b5 4. cxb5 a6 5. bxa6 Bxa6 6. Nc3 g6 7. e4 Bxf1 8. Kxf1
d6 9. Nf3 Bg7 10. g3 O-O 11. Kg2 e6 12. Bf4 exd5 13. exd5 Qb6 14. Qd2 Nbd7 15.
Rhe1 Rfb8 16. Rab1 Nh5 17. Bh6 Ne5 18. Bxg7 Nxf3 19. Kxf3 Kxg7 20. Re7 Rb7 21.
Rxb7 Qxb7 22. Re1 Nf6 23. Kg2 Rb8 24. Re2 Qa8 25. Kg1 Rb4 26. Re3 Qa6 27. Qe2
Qa8 28. Qd2 Rd4 29. Rd3 Rb4 30. Re3 1/2-1/2

[Event "Titled Tue 3rd Jan Late"]
[Site "chess.com INT"]
[Date "2025.06.03"]
[Round "7"]
[White "Jaskolka, Tomasz"]
[Black "Swara Lakshmi S Nair"]
[Result "0-1"]
[WhiteTitle "CM"]
[BlackTitle "WCM"]
[WhiteElo "2200"]
[BlackElo "2178"]
[WhiteFideId "1170791"]
[BlackFideId "25629239"]
[EventDate "2025.06.03"]

1. e4 c5 2. Nf3 d6 3. Bb5+ Bd7 4. a4 Nc6 5. O-O Nf6 6. d4 cxd4 7. Nxd4 e6 8. Nc3
Be7 9. Be3 O-O 10. f4 a6 11. Bxc6 bxc6 12. e5 Nd5 13. Nxd5 cxd5 14. c3 dxe5 15.
fxe5 Qb8 16. Qd2 Qxe5 17. Bf4 Qh5 18. Rae1 Bf6 19. a5 e5 20. Ne2 exf4 21. Nxf4
Qh6 22. Qxd5 Rad8 23. Qb7 Bb5 24. Rf3 Rfe8 25. Rxe8+ Rxe8 26. h3 Bg5 27. Nd5 Qe6
28. Nc7 Qe1+ 29. Kh2 Qe5+ 30. Kg1 Qc5+ 31. Kh2 Qd6+ 32. Kg1 Re1+ 33. Kf2 Bh4+
34. Rg3 Qxg3# 0-1

[Event "Titled Tue 3rd Jan Late"]
[Site "chess.com INT"]
[Date "2025.06.03"]
[Round "7"]
[White "Alves Campelo, Danilo Cesar De L"]
[Black "Gomez Gonzales, Fabiana"]
[Result "0-1"]
[BlackTitle "WCM"]
[WhiteElo "2028"]
[BlackElo "1843"]
[WhiteFideId "2123657"]
[BlackFideId "3860191"]
[EventDate "2025.06.03"]

1. e4 d5 2. exd5 Qxd5 3. Nc3 Qa5 4. d4 Nf6 5. Bc4 c6 6. Ne2 Bf5 7. O-O e6 8. Bd2
Qb6 9. b3 Be7 10. a4 O-O 11. Ng3 Bg6 12. Bg5 Nbd7 13. h4 h6 14. Be3 Qc7 15. Bd3
Bxd3 16. Qxd3 Nd5 17. Nxd5 cxd5 18. Qd2 Bf6 19. f4 Bxh4 20. Nh5 Nf6 21. Nxf6+
Bxf6 22. f5 e5 23. Bxh6 gxh6 24. Qxh6 Bg7 25. Qh5 f6 26. Rf2 Rf7 27. g4 Kf8 28.
dxe5 Qxe5 29. Rff1 Qe3+ 30. Kg2 Qe4+ 31. Rf3 Re7 0-1

[Event "Titled Tue 3rd Jan Late"]
[Site "chess.com INT"]
[Date "2025.06.03"]
[Round "7"]
[White "Bacrot, Etienne"]
[Black "Bok, Benjamin"]
[Result "0-1"]
[WhiteTitle "GM"]
[BlackTitle "GM"]
[WhiteElo "2633"]
[BlackElo "2591"]
[WhiteFideId "605506"]
[BlackFideId "1017063"]
[EventDate "2025.06.03"]

1. e4 c5 2. Nf3 d6 3. d4 cxd4 4. Nxd4 Nf6 5. Bd3 Nc6 6. Nxc6 bxc6 7. O-O g6 8.
b3 Bg7 9. Bb2 O-O 10. Nc3 Qa5 11. Qe1 Re8 12. Kh1 Nd7 13. f4 Nc5 14. f5 Nxd3 15.
cxd3 Ba6 16. Rf3 Rad8 17. Rc1 d5 18. fxg6 hxg6 19. Qh4 dxe4 20. Rh3 Rxd3 21.
Qh7+ Kf8 22. Nd5 Bxb2 23. Rf1 Qxd5 0-1

[Event "Titled Tue 3rd Jan Late"]
[Site "chess.com INT"]
[Date "2025.06.03"]
[Round "7"]
[White "Ferraz, Michel Liah"]
[Black "Brancaleoni, Maurizio"]
[Result "0-1"]
[BlackTitle "FM"]
[WhiteElo "1998"]
[BlackElo "2185"]
[WhiteFideId "22743219"]
[BlackFideId "803022"]
[EventDate "2025.06.03"]

1. d4 Nf6 2. c4 b6 3. Nc3 Bb7 4. Qc2 d5 5. cxd5 Nxd5 6. e4 Nxc3 7. bxc3 e6 8.
Nf3 Be7 9. Bd3 c5 10. O-O O-O 11. a4 cxd4 12. cxd4 Nc6 13. Qe2 Nb4 14. Bc4 Rc8
15. Bb3 Ba6 16. Qd2 Bxf1 17. Kxf1 a5 18. Bb2 Bf6 19. e5 Be7 20. g3 Qd7 21. h4
Qc6 22. Kg2 Qe4 23. Ba3 Rc7 24. Re1 Qb7 25. h5 h6 26. Bc1 Rfc8 27. d5 Nxd5 28.
Re4 Rxc1 29. Rg4 Bg5 30. Nxg5 Nf4+ 31. Kh2 Qh1# 0-1

[Event "Titled Tue 3rd Jan Late"]
[Site "chess.com INT"]
[Date "2025.06.03"]
[Round "7"]
[White "Sroczynski, Maciej"]
[Black "Levano Loayza, Adriano Jaffet"]
[Result "1-0"]
[WhiteTitle "FM"]
[BlackTitle "CM"]
[WhiteElo "2236"]
[BlackElo "2049"]
[WhiteFideId "1121472"]
[BlackFideId "3865584"]
[EventDate "2025.06.03"]

1. Nf3 Nf6 2. g3 e6 3. d3 c5 4. e4 Nc6 5. Bg2 d6 6. O-O Be7 7. c3 O-O 8. Re1 Rb8
9. d4 cxd4 10. cxd4 d5 11. e5 Ne4 12. Nbd2 Nxd2 13. Bxd2 b5 14. h4 b4 15. h5 h6
16. Bf1 Qb6 17. Be3 Ba6 18. Nh2 Bxf1 19. Rxf1 b3 20. a3 Bg5 21. f4 Be7 22. g4
Na5 23. Qe2 Nc4 24. Nf3 Rfc8 25. Bf2 Na5 26. Rac1 Rxc1 27. Rxc1 Qb5 28. Rc8+ Bf8
29. Qxb5 Rxb5 30. Be1 a6 31. Bb4 Rxb4 32. axb4 Nc4 33. Ra8 Nxb2 34. Nd2 Nd3 35.
Nxb3 Nxb4 36. Nc5 a5 37. Nd7 1-0

[Event "Titled Tue 3rd Jan Late"]
[Site "chess.com INT"]
[Date "2025.06.03"]
[Round "7"]
[White "Bluebaum, Matthias"]
[Black "Naroditsky, Daniel"]
[Result "1-0"]
[WhiteTitle "GM"]
[BlackTitle "GM"]
[WhiteElo "2660"]
[BlackElo "2619"]
[WhiteFideId "24651516"]
[BlackFideId "2026961"]
[EventDate "2025.06.03"]

1. d4 Nf6 2. c4 g6 3. Nc3 Bg7 4. e4 d6 5. Be2 O-O 6. Nf3 Nbd7 7. O-O e5 8. Be3
Re8 9. Qc2 exd4 10. Nxd4 c6 11. Rad1 Qe7 12. f3 Nc5 13. Qc1 a5 14. Bh6 Bxh6 15.
Qxh6 Qe5 16. Rd2 Ne6 17. Nxe6 Bxe6 18. Qe3 a4 19. f4 Qc5 20. Qxc5 dxc5 21. e5
Nd7 22. Ne4 Kg7 23. Nd6 Reb8 24. g4 b5 25. f5 Nxe5 26. fxe6 fxe6 27. cxb5 cxb5
28. Nxb5 c4 29. Nc7 Ra7 30. Nxe6+ Kg8 31. Rd5 Nd3 32. Bxd3 cxd3 33. Rxd3 Re7 34.
Rf6 a3 35. Rxa3 Rbe8 36. Re3 h5 37. g5 h4 38. Rxg6+ Kh8 39. a4 h3 40. Rxh3+ Rh7
41. Rxh7+ Kxh7 42. Rh6+ Kg8 43. Rf6 Re7 44. g6 Re8 45. Rf8+ 1-0

[Event "Titled Tue 3rd Jan Late"]
[Site "chess.com INT"]
[Date "2025.06.03"]
[Round "7"]
[White "Chekletsov, Ilya"]
[Black "Vifleemskaia, Svetlana"]
[Result "1-0"]
[WhiteTitle "IM"]
[BlackTitle "WFM"]
[WhiteElo "2338"]
[BlackElo "1942"]
[WhiteFideId "24177156"]
[BlackFideId "4129490"]
[EventDate "2025.06.03"]

1. d4 Nf6 2. c4 e6 3. g3 Bb4+ 4. Nd2 b6 5. Bg2 d5 6. Qa4+ Bd7 7. Qxb4 Nc6 8. Qc3
O-O 9. Ngf3 Qe7 10. O-O a5 11. b3 h6 12. Bb2 a4 13. Rae1 a3 14. Ba1 Ne4 15. Nxe4
dxe4 16. Ne5 Nxe5 17. dxe5 Bc6 18. Qe3 Qb4 19. Bxe4 Bxe4 20. Qxe4 Qd2 21. Qb1 h5
22. h4 g5 23. hxg5 Qxg5 24. Kg2 Kg7 25. Rh1 Rh8 26. Rh4 Rad8 27. Bc3 Rh6 28.
Reh1 c5 29. Qe4 Kf8 30. Qf4 Qg6 31. Qf6 1-0

[Event "Titled Tue 3rd Jan Late"]
[Site "chess.com INT"]
[Date "2025.06.03"]
[Round "7"]
[White "Bukreev, Stanislav"]
[Black "Sethuraman, Roshan"]
[Result "0-1"]
[WhiteTitle "FM"]
[WhiteElo "2328"]
[BlackElo "2074"]
[WhiteFideId "34252347"]
[BlackFideId "30965250"]
[EventDate "2025.06.03"]

1. d4 Nf6 2. c4 e6 3. Nf3 d5 4. Nc3 dxc4 5. e4 b5 6. e5 Nd5 7. Nxb5 Nb6 8. Be2
Be7 9. Be3 Nc6 10. a3 Bb7 11. Qc2 a6 12. Nc3 O-O 13. Rd1 Na5 14. h4 Nd5 15. Bd2
c5 16. Ng5 f5 17. Nxe6 Qb6 18. Nxf8 Rxf8 19. Na4 Qc7 20. Nxc5 Bxc5 21. dxc5 Nb3
22. Bxc4 Qxe5+ 23. Be3 f4 24. Qxb3 fxe3 25. O-O Kh8 26. Bxd5 e2 27. Bxb7 Qxc5
28. Qb4 Qxf2+ 29. Rxf2 exd1=Q+ 30. Kh2 Rxf2 31. Bxa6 Qd8 32. a4 Qa8 33. Bb7 Qb8+
34. Kg1 Rf7 35. a5 Rxb7 36. Qa4 Rxb2 37. a6 Qa8 38. Qg4 Qxa6 39. Qf5 Qa8 40. Qg5
h6 41. Qg6 Qd8 42. h5 Rb5 43. g4 Rg5 44. Qe6 Qd4+ 45. Kf1 Qf4+ 0-1

[Event "Titled Tue 3rd Jan Late"]
[Site "chess.com INT"]
[Date "2025.06.03"]
[Round "7"]
[White "Mirimanian, Hayk"]
[Black "Ersoz, Teoman Guney"]
[Result "1-0"]
[WhiteTitle "FM"]
[BlackTitle "CM"]
[WhiteElo "2237"]
[BlackElo "2090"]
[WhiteFideId "4700180"]
[BlackFideId "44537050"]
[EventDate "2025.06.03"]

1. c4 e5 2. Nc3 Nc6 3. g3 f5 4. Bg2 Nf6 5. d3 Bb4 6. Bd2 O-O 7. a3 Bxc3 8. Bxc3
d6 9. b4 f4 10. Nf3 Qe8 11. gxf4 exf4 12. Qd2 Ne5 13. Nxe5 dxe5 14. Rg1 c6 15.
O-O-O Bf5 16. Qb2 Ng4 17. h3 Nxf2 18. Bxe5 Nxd1 19. Bd5+ Rf7 20. Rxg7+ Kf8 21.
Bd6+ Qe7 22. Rxf7+ Ke8 23. Rxe7+ Kd8 24. Qh8# 1-0

[Event "Titled Tue 3rd Jan Late"]
[Site "chess.com INT"]
[Date "2025.06.03"]
[Round "7"]
[White "Sairam, Pranav"]
[Black "Arakelyan, Manvel"]
[Result "0-1"]
[BlackTitle "FM"]
[WhiteElo "2015"]
[BlackElo "2326"]
[WhiteFideId "30951330"]
[BlackFideId "13317415"]
[EventDate "2025.06.03"]

1. e4 e6 2. Qe2 Ne7 3. g3 b6 4. Bg2 Bb7 5. Nf3 Ng6 6. O-O Be7 7. d3 O-O 8. h4 h6
9. h5 Nh8 10. Nh2 f5 11. exf5 Bxg2 12. Kxg2 Rxf5 13. g4 Rf8 14. f4 Nc6 15. Nf3
Bd6 16. Kg3 Nf7 17. d4 Ng5 18. c3 Qf6 19. Ne5 Nxe5 20. dxe5 Bxe5 21. Kg2 Nf7 22.
fxe5 Qh4 23. Rh1 Qe7 24. Nd2 Qc5 25. Nb3 Qd5+ 26. Qf3 Qc4 27. Nd2 Qc5 28. Ne4
Qxe5 29. Bf4 Qd5 30. Rhd1 Qb5 31. Rd2 Ne5 32. Qg3 Nc4 33. Rf2 e5 0-1

[Event "Titled Tue 3rd Jan Late"]
[Site "chess.com INT"]
[Date "2025.06.03"]
[Round "7"]
[White "Tatarinov, Dmitry"]
[Black "Robert, Yoann"]
[Result "1-0"]
[WhiteTitle "FM"]
[BlackTitle "CM"]
[WhiteElo "2344"]
[BlackElo "2198"]
[WhiteFideId "24160067"]
[BlackFideId "36018805"]
[EventDate "2025.06.03"]

1. e4 c5 2. Nf3 Nc6 3. Bb5 d6 4. O-O Bd7 5. c3 Nf6 6. Re1 a6 7. Bf1 e5 8. d4
cxd4 9. cxd4 Bg4 10. d5 Nd4 11. Nbd2 Rc8 12. h3 Bxf3 13. Nxf3 Nc2 14. Rb1 Nxe1
15. Qxe1 Be7 16. Qb4 Qd7 17. Be3 O-O 18. a4 Qc7 19. Nd2 Qb8 20. Bd3 Nd7 21. a5
Nc5 22. Be2 h6 23. Bg4 Rc7 24. Nc4 Nxe4 25. Bb6 Rxc4 26. Qxc4 Nd2 27. Qc2 Nxb1
28. Qxb1 g6 29. b4 f5 30. Be2 Qc8 31. b5 axb5 32. Qxb5 Qc1+ 33. Kh2 Qd2 34. Qd7
Qxe2 35. Qxe7 f4 36. Qxd6 f3 37. Qxg6+ Kh8 38. Qxh6+ Kg8 39. Qg6+ Kh8 40. Bc5
Rf4 41. Be7 Qxf2 42. Bf6+ Rxf6 43. Qxf6+ Kg8 44. Qxf3 Qd4 45. Qg4+ Kf7 46. Qxd4
exd4 47. Kg3 Kf6 48. Kf3 Ke5 49. g4 Kxd5 50. h4 Ke5 51. h5 1-0

[Event "Titled Tue 3rd Jan Late"]
[Site "chess.com INT"]
[Date "2025.06.03"]
[Round "7"]
[White "Ferreira, Vitor Hugo Vieira"]
[Black "Saidov, Bilukhadzh"]
[Result "1-0"]
[BlackTitle "FM"]
[WhiteElo "2128"]
[BlackElo "2309"]
[WhiteFideId "2119765"]
[BlackFideId "34165476"]
[EventDate "2025.06.03"]

1. e4 c5 2. Nf3 e6 3. d4 cxd4 4. Nxd4 Nf6 5. Nc3 Nc6 6. Ndb5 Bb4 7. Nd6+ Ke7 8.
Nxc8+ Rxc8 9. Bd3 d5 10. exd5 Bxc3+ 11. bxc3 Qxd5 12. Ba3+ Ke8 13. O-O Qa5 14.
Qc1 Qxc3 15. Rb1 b6 16. Rb3 Qe5 17. Re1 Qc7 18. Qg5 Rg8 19. Ba6 Rd8 20. Rg3 Rd5
21. Qh4 Ra5 22. Bc4 Rxa3 23. Rxa3 Ke7 24. Bb5 Rd8 25. Rc3 Rd6 26. Qa4 Kd7 27.
Rxc6 Rxc6 28. Rd1+ 1-0

[Event "Titled Tue 3rd Jan Late"]
[Site "chess.com INT"]
[Date "2025.06.03"]
[Round "7"]
[White "Sailer, Mike"]
[Black "Crispin Ferreras, Darvi Abraham"]
[Result "0-1"]
[BlackTitle "CM"]
[WhiteElo "2108"]
[BlackElo "2124"]
[WhiteFideId "2012901"]
[BlackFideId "6402771"]
[EventDate "2025.06.03"]

1. d4 Nf6 2. Nf3 e6 3. e3 c5 4. Bd3 Nc6 5. b3 cxd4 6. exd4 d5 7. O-O Bd6 8. Bb2
Qc7 9. Re1 O-O 10. a3 b6 11. Nbd2 Bb7 12. Ne5 Rac8 13. f4 Ne7 14. Qf3 Ne4 15.
Rad1 f5 16. Nf1 Rf6 17. h3 Ng6 18. Ng3 Nh4 19. Qe3 Bxe5 20. dxe5 Rg6 21. Bxe4
dxe4 22. c4 Nf3+ 23. Kf2 Nxe1 24. Kxe1 Rd8 25. Bd4 Qe7 26. b4 Qh4 27. Kf2 Ba6
28. b5 Bb7 29. Qc3 Qxf4+ 0-1

[Event "Titled Tue 3rd Jan Late"]
[Site "chess.com INT"]
[Date "2025.06.03"]
[Round "7"]
[White "Vlassov, Nikolai"]
[Black "Ibarra Jerez, Jose Carlos"]
[Result "0-1"]
[WhiteTitle "IM"]
[BlackTitle "GM"]
[WhiteElo "2291"]
[BlackElo "2545"]
[WhiteFideId "4103360"]
[BlackFideId "2226332"]
[EventDate "2025.06.03"]

1. e4 Nc6 2. d4 d5 3. e5 Bf5 4. c3 Qd7 5. Be3 f6 6. f4 Nh6 7. Nf3 Be4 8. Nbd2
Nf5 9. Bf2 g5 10. Bb5 g4 11. Nh4 Nxh4 12. Bxh4 Bxg2 13. Rg1 Bh3 14. Qa4 Bh6 15.
Nb3 O-O 16. exf6 exf6 17. O-O-O Bxf4+ 18. Kb1 a6 19. Bxc6 Qxc6 20. Qxc6 bxc6 21.
Rd3 Kf7 22. Nc5 Rae8 23. Nd7 Bxh2 24. Rh1 g3 25. Bxg3 Bxd7 26. Rxh2 Bf5 0-1

[Event "Titled Tue 3rd Jan Late"]
[Site "chess.com INT"]
[Date "2025.06.03"]
[Round "7"]
[White "Silva, Luca"]
[Black "Arkell, Keith C"]
[Result "1-0"]
[WhiteTitle "FM"]
[BlackTitle "GM"]
[WhiteElo "2227"]
[BlackElo "2342"]
[WhiteFideId "147370"]
[BlackFideId "400270"]
[EventDate "2025.06.03"]

1. e4 c6 2. d4 d5 3. exd5 cxd5 4. Bd3 Nc6 5. c3 Nf6 6. h3 g6 7. Nf3 Bf5 8. Be2
Bxb1 9. Rxb1 Bg7 10. O-O O-O 11. Bf4 a6 12. Re1 b5 13. a3 e6 14. Bd3 Ne8 15. Qd2
Nd6 16. Bh6 Bxh6 17. Qxh6 Qf6 18. Re3 Ne7 19. g4 Qg7 20. Qf4 Nc4 21. Re2 Rfd8
22. Kg2 h6 23. h4 Nc8 24. Ne5 Nxe5 25. dxe5 Nb6 26. Rd1 Nc4 27. Bb1 g5 28. hxg5
Qxg5 29. Qg3 h5 30. gxh5 Qxg3+ 31. fxg3 Kg7 32. g4 Kh6 33. Kh3 Rg8 34. Rf1 Rg5
35. Rxf7 Rxe5 36. Kh4 Rg8 37. Rh7# 1-0

[Event "Titled Tue 3rd Jan Late"]
[Site "chess.com INT"]
[Date "2025.06.03"]
[Round "7"]
[White "Blackburn, Jonathan L B"]
[Black "Hadzovic, Amir"]
[Result "0-1"]
[WhiteTitle "FM"]
[BlackTitle "FM"]
[WhiteElo "2200"]
[BlackElo "2354"]
[WhiteFideId "1801090"]
[BlackFideId "14402300"]
[EventDate "2025.06.03"]

1. d4 d6 2. Nf3 Nf6 3. c4 g6 4. Nc3 Bg7 5. e4 O-O 6. Be2 e5 7. Be3 Nc6 8. O-O
Bg4 9. d5 Ne7 10. Ne1 Bd7 11. Nd3 Ne8 12. c5 f5 13. cxd6 cxd6 14. f3 f4 15. Bf2
g5 16. Qb3 b6 17. a4 h5 18. a5 bxa5 19. Qa3 Ng6 20. Qxa5 Qf6 21. Nb5 g4 22. Nc7
Nxc7 23. Qxc7 Rf7 24. Rxa7 Rxa7 25. Qxa7 Bf8 26. Qb8 Qg5 27. Qb6 g3 28. hxg3
fxg3 29. Bxg3 Qxg3 30. Rc1 Rg7 31. Bf1 Nh4 32. Ne1 Bh3 33. Rc8 0-1

[Event "Titled Tue 3rd Jan Late"]
[Site "chess.com INT"]
[Date "2025.06.03"]
[Round "7"]
[White "Hiwale, Ronak"]
[Black "Wael Sabry, Mina"]
[Result "1-0"]
[BlackTitle "FM"]
[WhiteElo "2105"]
[BlackElo "2094"]
[WhiteFideId "30975336"]
[BlackFideId "10670173"]
[EventDate "2025.06.03"]

1. Nf3 Nf6 2. g3 g6 3. Bg2 Bg7 4. O-O O-O 5. d3 d6 6. Nc3 c5 7. e4 Nc6 8. Ne2
Rb8 9. c3 b5 10. Qc2 Bb7 11. d4 cxd4 12. Nfxd4 Nxd4 13. Nxd4 a6 14. Re1 Qc7 15.
Bg5 Rbc8 16. Qd2 Rfd8 17. Bh6 e5 18. Nf5 gxf5 19. Bxg7 Kxg7 20. Qg5+ Kf8 21.
Qxf6 fxe4 22. Bxe4 Bxe4 23. Rxe4 Ke8 24. Rg4 Qe7 25. Qf5 Qe6 26. Qxe6+ fxe6 27.
Rg7 d5 28. Re1 e4 29. Rxh7 b4 30. f3 bxc3 31. bxc3 Rxc3 32. fxe4 d4 33. Rb1 Rf3
34. Rb6 d3 35. Rxe6+ Kf8 36. Rh8+ Kf7 37. Rxd8 Kxe6 38. Kg2 Re3 39. Kf2 Re2+ 40.
Kf3 Rxh2 41. Rxd3 Rxa2 42. Rb3 Ke5 43. Rc3 Kd4 44. Rb3 Ke5 45. Rd3 Ra5 46. g4
Rb5 47. g5 a5 48. Ra3 Kd4 49. Kf4 Kc4 50. g6 Kb4 51. g7 Rb8 52. Rg3 Rg8 53. Kf5
a4 54. Kf6 a3 55. Kf7 a2 56. Rg1 Ra8 57. Ra1 Ra7+ 58. Kg6 Ra6+ 59. Kh7 Ra7 60.
Kh8 Re7 61. g8=Q Rxe4 62. Qf8+ Kb3 63. Qf7+ Rc4 64. Rxa2 Kxa2 65. Qxc4+ Kb2 66.
Kg7 Ka3 67. Kf6 Kb2 68. Ke5 Ka3 69. Qb5 Ka2 70. Kd4 Ka3 71. Kc3 Ka2 72. Qb2# 1-0

[Event "Titled Tue 3rd Jan Late"]
[Site "chess.com INT"]
[Date "2025.06.03"]
[Round "7"]
[White "Maglioni, Leonardo"]
[Black "Danzer, George"]
[Result "1-0"]
[BlackTitle "CM"]
[WhiteElo "2069"]
[BlackElo "2172"]
[WhiteFideId "2896830"]
[BlackFideId "4659465"]
[EventDate "2025.06.03"]

1. d4 Nf6 2. Bf4 c5 3. c3 Qb6 4. Qc2 d6 5. Nf3 g6 6. Nbd2 Nc6 7. dxc5 Qxc5 8. e4
Bg7 9. Be2 O-O 10. O-O a6 11. a4 Be6 12. Rfe1 Ng4 13. h3 Nxf2 14. Kh2 Nxh3 15.
gxh3 Qf2+ 16. Kh1 Bxh3 17. Bf1 Bg4 18. Bg2 Rac8 19. Be3 Qg3 20. Nf1 Qxe1 21.
Rxe1 Ne5 22. Nxe5 Bxe5 23. Bd4 Bxd4 24. Ne3 Be6 25. Nd5 Rfe8 26. Qb3 1-0